[Event "Vicente Lopez ProAm 100 Years op"]
[Site "Buenos Aires"]
[Date "2022.10.13"]
[Round "3"]
[White "Quiroga, Facundo"]
[Black "Jimenez, Jorge"]
[Result "1-0"]
[WhiteElo "2260"]
[BlackElo "1965"]
[PlyCount "117"]
[EventDate "2022.10.11"]
[EventType "swiss"]
[EventRounds "9"]
[EventCountry "ARG"]
[SourceTitle "CBM 210 Extra"]
[Source "ChessBase"]
[SourceDate "2022.11.30"]
[SourceVersion "1"]
[SourceVersionDate "2022.11.30"]
[SourceQuality "1"]

1. d4 Nf6 2. c4 g6 3. Nc3 Bg7 4. e4 d6 5. Nf3 0-0 6. Be2 Na6 7. 0-0 e5 8. Be3 Ng4 9. Bg5 Qe8 10. h3 exd4 11. Nxd4 Nf6 12. Bf3 Nd7 13. Qd2 Ne5 14. Be2 Nc6 15. Ndb5 f6 16. Bh6 Be6 17. Bxg7 Kxg7 18. Rfe1 Qf7 19. b3 Nc5 20. Bf1 a6 21. Nd4 Nxd4 22. Qxd4 a5 23. Rad1 Rae8 24. g3 b6 25. Re3 Kg8 26. Rde1 Bd7 27. Bg2 Bc6 28. Qd2 Re7 29. Kh2 Rfe8 30. h4 Bb7 31. Nd5 Bxd5 32. cxd5 Kg7 33. a3 f5 34. exf5 Rxe3 35. Rxe3 Rxe3 36. Qxe3 Qxf5 37. b4 axb4 38. axb4 Nd3 39. f4 Nb2 40. Qc3+ Qf6 41. Qxc7+ Kh6 42. Qxb6 Nc4 43. Qf2 Qc3 44. f5 Ne5 45. Qf4+ Kg7 46. fxg6 h5 47. Kg1 Qe1+ 48. Bf1 Qb1 49. b5 Qb3 50. Be2 Qxd5 51. b6 Qa2 52. Kf1 Qb1+ 53. Kg2 Qb2 54. Qe3 Ng4 55. Qe7+ Kxg6 56. Qg5+ Kh7 57. Qxh5+ Nh6 58. Qb5 Qd2 59. Qd3+ 1-0

[Event "Rio Grande Centennial op"]
[Site "Rio Grande"]
[Date "2021.09.29"]
[Round "2"]
[White "Mussanti, Diego"]
[Black "Jimenez, Jorge"]
[Result "1-0"]
[WhiteElo "2313"]
[BlackElo "1896"]
[PlyCount "77"]
[EventDate "2021.09.29"]
[EventType "swiss"]
[EventRounds "9"]
[EventCountry "ARG"]
[SourceTitle "EXT 2022"]
[Source "ChessBase"]
[SourceDate "2021.10.06"]
[SourceVersion "1"]
[SourceVersionDate "2021.10.06"]
[SourceQuality "1"]

1. e4 c5 2. Nf3 d6 3. d4 cxd4 4. Nxd4 Nf6 5. Nc3 a6 6. a3 e6 7. Be2 Be7 8. 0-0 0-0 9. f4 Qc7 10. Kh1 Nc6 11. Be3 Bd7 12. Qe1 Nxd4 13. Bxd4 Bc6 14. Qg3 g6 15. Bf3 Nd7 16. f5 Ne5 17. Bg4 Nxg4 18. Qxg4 e5 19. Be3 Rfd8 20. Bh6 Qc8 21. Qf3 f6 22. Rad1 b5 23. Qd3 Qb7 24. Rf3 a5 25. a4 Rab8 26. b3 Kh8 27. fxg6 hxg6 28. Rh3 Kg8 29. Bc1 Kg7 30. axb5 Bxb5 31. Qd2 Rh8 32. Rxh8 Rxh8 33. Nd5 Bd8 34. Nc3 Bc7 35. Nd5 Bd8 36. Ba3 Rh4 37. Nc3 Bc6 38. Qxd6 Bc7 39. Qe7+ 1-0